[Event "Madrid ch 2017-2018 Veteranos"]
[Site "Madrid ESP"]
[Date "2018.01.16"]
[Round "7.6"]
[White "Lopez de Turiso, Jose Angel"]
[Black "Camarero Izquierdo, Juan Carlos"]
[Result "0-1"]
[WhiteElo "2020"]
[BlackElo "1868"]
[PlyCount "81"]
[EventDate "2018.01.08"]
[EventType "swiss"]
[EventRounds "9"]
[EventCountry "ESP"]
[SourceTitle "Ajedrez en Madrid"]
[Source "lmi"]
[SourceDate "2018.01.08"]
[SourceVersion "1"]
[SourceVersionDate "2018.01.25"]
[SourceQuality "1"]

1. d4 d5 2. c4 e6 3. Nc3 c6 4. e4 Bb4 5. Bd3 dxe4 6. Bxe4 Nf6 7. Bf3 O-O 8.
Nge2 Nbd7 9. O-O Re8 10. Bf4 Nf8 11. a3 Bd6 12. Bxd6 Qxd6 13. Qc2 Ng6 14. g3 e5
15. d5 cxd5 16. Nxd5 Nxd5 17. Bxd5 Qc7 18. Rfd1 Be6 19. Nc3 Bxd5 20. Nxd5 Qc6
21. Qe4 Rac8 22. Rac1 Qe6 23. Qe3 b6 24. Qb3 e4 25. Qe3 f5 26. Nf4 Nxf4 27.
Qxf4 Red8 28. b3 g6 29. Kg2 Rd7 30. Rd5 Rcd8 31. Rcd1 Rxd5 32. cxd5 Qd6 33. Qc1
Rd7 34. b4 Kg7 35. Qc3+ Kh6 36. Rd4 g5 37. h4 gxh4 38. Qe3+ Kg6 39. gxh4 Qf6
40. Kh3 Re7 41. Qe2 0-1

[Event "Madrid ch 2017-2018 Veteranos"]
[Site "Madrid ESP"]
[Date "2018.01.16"]
[Round "7.7"]
[White "De Luna Butz, Alberto"]
[Black "Quintero Torres, Pedro"]
[Result "0-1"]
[WhiteElo "1810"]
[BlackElo "1966"]
[PlyCount "86"]
[EventDate "2018.01.08"]
[EventType "swiss"]
[EventRounds "9"]
[EventCountry "ESP"]
[SourceTitle "Ajedrez en Madrid"]
[Source "lmi"]
[SourceDate "2018.01.08"]
[SourceVersion "1"]
[SourceVersionDate "2018.01.25"]
[SourceQuality "1"]

1. Nf3 Nf6 2. c4 c6 3. g3 d5 4. b3 g6 5. Bb2 Bg7 6. Bg2 O-O 7. O-O Bf5 8. d3 a5
9. a3 Na6 10. Nbd2 Rc8 11. Ra2 h6 12. Qa1 Bg4 13. Re1 Bxf3 14. Bxf3 Ne8 15. Bc3
d4 16. Bb2 e5 17. e3 Nec7 18. exd4 exd4 19. Qd1 Re8 20. Rxe8+ Qxe8 21. Qe2 Qd7
22. Ra1 Re8 23. Qf1 Qe7 24. Rd1 Nc5 25. Rb1 h5 26. Bc1 Qe1 27. Kg2 Qxf1+ 28.
Kxf1 Nxd3 29. Be4 Nxc1 30. Rxc1 Bh6 31. f4 g5 32. Rd1 gxf4 33. gxf4 Bxf4 34.
Bf3 Ne6 35. Ne4 Kf8 36. Bxh5 Bxh2 37. b4 axb4 38. axb4 Ra8 39. Nc5 Nxc5 40.
bxc5 Be5 41. Rb1 Rb8 42. Bf3 Kg7 43. Bxc6 bxc6 0-1

[Event "Madrid ch 2017-2018 Veteranos"]
[Site "Madrid ESP"]
[Date "2018.01.16"]
[Round "7.8"]
[White "Viñas Lopez, Carlos"]
[Black "Minguela Muñoz, Bienvenido"]
[Result "1-0"]
[WhiteElo "1884"]
[BlackElo "1819"]
[PlyCount "105"]
[EventDate "2018.01.08"]
[EventType "swiss"]
[EventRounds "9"]
[EventCountry "ESP"]
[SourceTitle "Ajedrez en Madrid"]
[Source "lmi"]
[SourceDate "2018.01.08"]
[SourceVersion "1"]
[SourceVersionDate "2018.01.25"]
[SourceQuality "1"]

1. d4 Nf6 2. Bg5 Ne4 3. Bf4 e6 4. Nd2 d5 5. Nxe4 dxe4 6. e3 Bd6 7. Bxd6 cxd6 8.
Qg4 O-O 9. Qxe4 Qb6 10. O-O-O Qa5 11. Kb1 Nc6 12. Ne2 e5 13. Nc3 exd4 14. exd4
Bf5 15. Qd5 Bxc2+ 16. Kc1 Qxd5 17. Nxd5 Bxd1 18. Kxd1 Nxd4 19. Bd3 Kh8 20. Kd2
Rac8 21. Re1 Rc5 22. Nc3 Re5 23. Rc1 Rfe8 24. Bc4 d5 25. Bxd5 Rd8 26. Kd3 Nc6
27. Kc4 b5+ 28. Kxb5 Ne7 29. f4 Rexd5+ 30. Nxd5 Rxd5+ 31. Ka6 Rd2 32. Rc7 Ng8
33. Rb7 h5 34. a4 Rxg2 35. Kxa7 g5 36. fxg5 Rxh2 37. a5 Rg2 38. a6 Rxg5 39. Kb8
Nf6 40. a7 Rg8+ 41. Kc7 Nd5+ 42. Kc6 Kh7 43. Kxd5 Rg5+ 44. Ke4 Ra5 45. b4 Ra3
46. b5 h4 47. b6 h3 48. Rxf7+ Kg6 49. Rf2 Kg5 50. b7 Ra4+ 51. Kd5 Ra5+ 52. Kc6
Ra6+ 53. Kb5 1-0

[Event "Madrid ch 2017-2018 Veteranos"]
[Site "Madrid ESP"]
[Date "2018.01.16"]
[Round "7.9"]
[White "De la Orden Alcocer, Alejandro"]
[Black "Sotoca Aguado, Jose"]
[Result "1-0"]
[WhiteElo "2042"]
[BlackElo "1852"]
[PlyCount "89"]
[EventDate "2018.01.08"]
[EventType "swiss"]
[EventRounds "9"]
[EventCountry "ESP"]
[SourceTitle "Ajedrez en Madrid"]
[Source "lmi"]
[SourceDate "2018.01.08"]
[SourceVersion "1"]
[SourceVersionDate "2018.01.25"]
[SourceQuality "1"]

1. Nf3 Nf6 2. g3 g6 3. Bg2 Bg7 4. c4 O-O 5. Nc3 c6 6. O-O d6 7. d3 Qb6 8. Rb1
Nbd7 9. b4 Ng4 10. Qc2 Nde5 11. b5 Qc7 12. Nd2 e6 13. h3 Nf6 14. Ba3 Re8 15.
bxc6 Nxc6 16. Nb5 Qa5 17. Bxd6 a6 18. Nc7 Rd8 19. Nb3 Qf5 20. Nxa8 Rxd6 21. Nb6
Rd8 22. Nxc8 Rxc8 23. Qd2 e5 24. Nc5 b5 25. cxb5 axb5 26. g4 Nxg4 27. hxg4 Qxg4
28. Qd1 Nd4 29. Ne4 Nxe2+ 30. Kh2 Qh4+ 31. Bh3 Nf4 32. Qf3 f5 33. Qg3 Qh5 34.
Rbc1 Rd8 35. Rcd1 fxe4 36. dxe4 Rxd1 37. Qb3+ Rd5 38. exd5 Bf8 39. d6+ Kg7 40.
d7 Be7 41. Re1 Bd8 42. Re3 Qh4 43. Qb2 Bf6 44. Rg3 e4 45. d8=Q 1-0

[Event "Madrid ch 2017-2018 Veteranos"]
[Site "Madrid ESP"]
[Date "2018.01.16"]
[Round "7.10"]
[White "Cruz Gonzalez, Antonio"]
[Black "Alvarez Abejon, Amilcar"]
[Result "0-1"]
[WhiteElo "1766"]
[BlackElo "1926"]
[PlyCount "114"]
[EventDate "2018.01.08"]
[EventType "swiss"]
[EventRounds "9"]
[EventCountry "ESP"]
[SourceTitle "Ajedrez en Madrid"]
[Source "lmi"]
[SourceDate "2018.01.08"]
[SourceVersion "1"]
[SourceVersionDate "2018.01.25"]
[SourceQuality "1"]

1. e4 e6 2. d4 d5 3. Nc3 Bb4 4. Nge2 dxe4 5. a3 Be7 6. Nxe4 Nf6 7. Nxf6+ Bxf6
8. c3 b6 9. Ng3 Bb7 10. Nh5 O-O 11. Nxf6+ Qxf6 12. Be3 e5 13. Qd2 exd4 14. Bxd4
Re8+ 15. Be2 Qe6 16. O-O-O Nc6 17. Bf3 Na5 18. Qg5 f6 19. Qf4 Bxf3 20. Qxf3 Qb3
21. Rhe1 Nc4 22. Re2 Rad8 23. Rc2 c5 24. Be3 Rxd1+ 25. Qxd1 Nxe3 26. fxe3 Rxe3
27. Qd8+ Kf7 28. Qd7+ Re7 29. Qg4 g6 30. Qf3 Qe6 31. Rd2 Qe1+ 32. Kc2 Qe4+ 33.
Qxe4 Rxe4 34. Rd7+ Re7 35. Rd2 f5 36. Rf2 Kf6 37. g4 Rd7 38. gxf5 gxf5 39. h4
Ke5 40. h5 f4 41. Re2+ Kf5 42. Rf2 Kg4 43. h6 Kg3 44. Re2 Rd6 45. Re7 Rxh6 46.
Rxa7 f3 47. Rg7+ Rg6 48. Rxh7 f2 49. Rf7 Kg2 50. a4 Rg4 51. Kb3 f1=Q 52. Rxf1
Kxf1 53. Ka3 Ke2 54. b4 cxb4+ 55. cxb4 Rg3+ 56. Kb2 Kd3 57. Kb3 Kd4+ 0-1

[Event "Madrid ch 2017-2018 Veteranos"]
[Site "Madrid ESP"]
[Date "2018.01.16"]
[Round "7.11"]
[White "Hernandez Garcia, Carlos"]
[Black "Marcos Herrero, Francisco"]
[Result "0-1"]
[WhiteElo "1727"]
[BlackElo "1876"]
[PlyCount "164"]
[EventDate "2018.01.08"]
[EventType "swiss"]
[EventRounds "9"]
[EventCountry "ESP"]
[SourceTitle "Ajedrez en Madrid"]
[Source "lmi"]
[SourceDate "2018.01.08"]
[SourceVersion "1"]
[SourceVersionDate "2018.01.25"]
[SourceQuality "1"]

1. e4 c5 2. Nf3 Nc6 3. d4 cxd4 4. Nxd4 g6 5. Nc3 Bg7 6. Be3 Nf6 7. Be2 O-O 8.
Qd2 d5 9. Nxc6 bxc6 10. Rd1 Be6 11. exd5 cxd5 12. Bh6 Qa5 13. Bxg7 Kxg7 14. Qd4
Qb6 15. Qxb6 axb6 16. a3 Rfd8 17. Rd4 Bf5 18. Bd1 e5 19. Rb4 d4 20. Ne2 Rac8
21. c4 d3 22. Ng3 d2+ 23. Ke2 Bd3+ 24. Kxd2 Bxc4+ 25. Kc2 Nd5 26. Rxc4 Rxc4+
27. Kb3 Rd4 28. Bc2 f5 29. Rd1 Nf4 30. Rxd4 Rxd4 31. Bxf5 Nxg2 32. Bc2 Nf4 33.
Ne4 Ne6 34. Kc3 h6 35. a4 Ng5 36. Nxg5 hxg5 37. b4 Kf6 38. a5 Rd6 39. Be4 bxa5
40. bxa5 Rd4 41. Bb7 Ra4 42. a6 Ke7 43. Kb3 Ra1 44. Kc4 Kd6 45. h3 Ra4+ 46. Kd3
Kc7 47. f3 Rh4 48. Ke3 Kb6 49. Bc8 Rc4 50. Bb7 Ra4 51. Kd3 Kc7 52. Ke3 Rh4 53.
Kd3 Rxh3 54. Ke4 g4 55. fxg4 Rg3 56. Kxe5 Rxg4 57. Kf6 Rg1 58. Kg7 Kb6 59. Kf6
g5 60. Kf5 Kc7 61. Kg6 g4 62. Kg5 g3 63. Kg4 Kb8 64. Kh3 Kc7 65. Bg2 Kb6 66.
Kxg3 Kxa6 67. Kf2 Ra1 68. Ke3 Kb6 69. Kd4 Kb5 70. Ke5 Kc5 71. Bf3 Re1+ 72. Be4
Re2 73. Kf4 Kd4 74. Bf3 Re5 75. Bg4 Ra5 76. Bf5 Ra7 77. Kg5 Ke5 78. Bg6 Rg7 79.
Kh6 Kf6 80. Be4 Rg4 81. Bf3 Rh4+ 82. Bh5 Rh3 0-1

[Event "Madrid ch 2017-2018 Veteranos"]
[Site "Madrid ESP"]
[Date "2018.01.16"]
[Round "7.12"]
[White "Lopez Heras, Arturo"]
[Black "Serrano Garcia, Vicente"]
[Result "1-0"]
[WhiteElo "1859"]
[BlackElo "1817"]
[PlyCount "107"]
[EventDate "2018.01.08"]
[EventType "swiss"]
[EventRounds "9"]
[EventCountry "ESP"]
[SourceTitle "Ajedrez en Madrid"]
[Source "lmi"]
[SourceDate "2018.01.08"]
[SourceVersion "1"]
[SourceVersionDate "2018.01.25"]
[SourceQuality "1"]

1. e4 d6 2. d4 Nf6 3. Nc3 g6 4. Be2 Bg7 5. Be3 O-O 6. g4 e5 7. g5 Ne8 8. dxe5
Bxe5 9. f4 Bxc3+ 10. bxc3 Ng7 11. h4 Qe7 12. Qd3 Nc6 13. h5 Re8 14. hxg6 hxg6
15. Kd2 Qxe4 16. Qxe4 Rxe4 17. Bd3 Re7 18. Nf3 Bf5 19. Nd4 Rae8 20. Bf2 Bxd3
21. Kxd3 Ne6 22. Rh4 Nexd4 23. Bxd4 Nxd4 24. Rah1 Re3+ 25. Kc4 Kf8 26. cxd4
R8e4 27. Rb1 c5 28. c3 b6 29. Rh8+ Ke7 30. Ra8 Rxf4 31. Rxa7+ Ke6 32. Rxb6 cxd4
33. cxd4 Ree4 34. Rbb7 Rxd4+ 35. Kc3 Rc4+ 36. Kb3 Rc5 37. Re7+ Kf5 38. Rxf7+
Kxg5 39. Rfd7 Rf6 40. a4 Kf4 41. a5 g5 42. a6 g4 43. Ra8 g3 44. a7 Ra5 45. Rg8
Kf3 46. Rdg7 Kf2 47. a8=Q Rxa8 48. Rxa8 Rf3+ 49. Kc4 Kg1 50. Ra2 Re3 51. Kd4
Rb3 52. Ke4 Rb4+ 53. Kf3 Rb3+ 54. Kf4 1-0

[Event "Madrid ch 2017-2018 Veteranos"]
[Site "Madrid ESP"]
[Date "2018.01.16"]
[Round "7.13"]
[White "Rueda Maria, Ramiro"]
[Black "Losada Gonzalez, Andres"]
[Result "1-0"]
[WhiteElo "1827"]
[BlackElo "1807"]
[PlyCount "125"]
[EventDate "2018.01.08"]
[EventType "swiss"]
[EventRounds "9"]
[EventCountry "ESP"]
[SourceTitle "Ajedrez en Madrid"]
[Source "lmi"]
[SourceDate "2018.01.08"]
[SourceVersion "1"]
[SourceVersionDate "2018.01.25"]
[SourceQuality "1"]

1. e4 c5 2. Nf3 d6 3. d4 cxd4 4. Nxd4 Nf6 5. Nc3 a6 6. Be2 e5 7. Nf3 Be6 8. O-O
Qc7 9. h3 Nbd7 10. Be3 b5 11. Ng5 Bc4 12. Bxc4 Qxc4 13. Qd3 Rc8 14. Nf3 b4 15.
Qxc4 Rxc4 16. Nd2 Rc8 17. Na4 d5 18. Rac1 d4 19. Bg5 Be7 20. b3 h6 21. Bxf6
Nxf6 22. Nb2 O-O 23. Nd3 Nd7 24. Nc4 f6 25. Rcd1 Nc5 26. Nxc5 Rxc5 27. Ra1 Rc6
28. Rfd1 Rfc8 29. Kf1 Kf7 30. Ke2 Ke6 31. g4 a5 32. Kd3 a4 33. Rd2 g6 34. Rf1
Ra8 35. f3 Rca6 36. Rff2 axb3 37. cxb3 Rc6 38. Rc2 f5 39. exf5+ gxf5 40. Rfe2
Bf6 41. gxf5+ Kxf5 42. Ne3+ dxe3 43. Rxc6 Bg5 44. Rc4 Rd8+ 45. Kc2 Rd4 46. h4
Bf4 47. Rxd4 exd4 48. Kd3 Be5 49. Rg2 Kf4 50. Ke2 d3+ 51. Kxd3 Kxf3 52. Re2 Bf4
53. h5 Kg4 54. Kc4 Kxh5 55. Kxb4 Kg4 56. Kc3 h5 57. a4 h4 58. a5 h3 59. a6 Bb8
60. Rxe3 h2 61. Re1 Ba7 62. Rh1 Bg1 63. Rxh2 1-0

[Event "Madrid ch 2017-2018 Veteranos"]
[Site "Madrid ESP"]
[Date "2018.01.16"]
[Round "7.14"]
[White "Rodriguez Bernal, Herman"]
[Black "Villodre Miranda, Juan Alonso"]
[Result "0-1"]
[WhiteElo "1744"]
[BlackElo "1542"]
[PlyCount "66"]
[EventDate "2018.01.08"]
[EventType "swiss"]
[EventRounds "9"]
[EventCountry "ESP"]
[SourceTitle "Ajedrez en Madrid"]
[Source "lmi"]
[SourceDate "2018.01.08"]
[SourceVersion "1"]
[SourceVersionDate "2018.01.25"]
[SourceQuality "1"]

1. d4 f5 2. Bf4 d5 3. Nf3 e6 4. e3 Nd7 5. Nbd2 Ngf6 6. Be2 Be7 7. Ne5 O-O 8. g4
Nxe5 9. dxe5 Ne4 10. Nxe4 fxe4 11. c3 g5 12. Bg3 Bd7 13. Qc2 Be8 14. O-O-O b5
15. f3 exf3 16. Bd3 Rf7 17. h3 c5 18. Qb1 c4 19. Bc2 b4 20. cxb4 Rb8 21. Rh2
Rxb4 22. Rhh1 c3 23. b3 Qb6 24. Bf2 Bc5 25. Rde1 Qc7 26. Bg3 Rb7 27. h4 gxh4
28. Bf4 d4 29. Rxh4 dxe3 30. Reh1 Ba3+ 31. Kd1 Qd8+ 32. Bd3 Bb5 33. Rxh7 Rxh7
0-1

[Event "Madrid ch 2017-2018 Veteranos"]
[Site "Madrid ESP"]
[Date "2018.01.16"]
[Round "7.16"]
[White "Martinez Pintor, Juan"]
[Black "Sanchez Lucena, Juan"]
[Result "1-0"]
[WhiteElo "1661"]
[BlackElo "1456"]
[PlyCount "87"]
[EventDate "2018.01.08"]
[EventType "swiss"]
[EventRounds "9"]
[EventCountry "ESP"]
[SourceTitle "Ajedrez en Madrid"]
[Source "lmi"]
[SourceDate "2018.01.08"]
[SourceVersion "1"]
[SourceVersionDate "2018.01.25"]
[SourceQuality "1"]

1. d4 d5 2. c4 e6 3. Nc3 Nf6 4. cxd5 Nxd5 5. e4 Ne7 6. Nf3 Ng6 7. a3 b6 8. Be3
Be7 9. Bd3 Bb7 10. Rc1 Qd7 11. O-O Ba6 12. Bxa6 Nxa6 13. Qd3 Nb8 14. Rfd1 O-O
15. d5 Rd8 16. Qe2 e5 17. Ne1 a6 18. b4 Ra7 19. Nd3 Bd6 20. Nb2 Rb7 21. Nc4 Ne7
22. Nxd6 Qxd6 23. Qg4 Rf8 24. f4 Nd7 25. f5 Nf6 26. Qe2 Ra8 27. g4 Nd7 28. g5
Nf8 29. Rf1 Nc8 30. f6 g6 31. Qg2 Nd7 32. Qh3 Qf8 33. Qxd7 Nd6 34. Qg4 Nc4 35.
Rf3 Nxa3 36. Rh3 Kh8 37. Rh6 Qg8 38. Rf1 Nb5 39. Ne2 a5 40. Qd7 Nd6 41. b5 Nxe4
42. Rc1 Rc8 43. Rc4 Nd6 44. Rch4 1-0

[Event "Madrid ch 2017-2018 Veteranos"]
[Site "Madrid ESP"]
[Date "2018.01.16"]
[Round "7.17"]
[White "Cupeiro Fernandez, Manuel"]
[Black "Calderon Martin, Antonio"]
[Result "1-0"]
[WhiteElo "1552"]
[BlackElo "1665"]
[PlyCount "51"]
[EventDate "2018.01.08"]
[EventType "swiss"]
[EventRounds "9"]
[EventCountry "ESP"]
[SourceTitle "Ajedrez en Madrid"]
[Source "lmi"]
[SourceDate "2018.01.08"]
[SourceVersion "1"]
[SourceVersionDate "2018.01.25"]
[SourceQuality "1"]

1. e4 c5 2. Nf3 Nc6 3. c3 d6 4. d4 cxd4 5. Nxd4 Nf6 6. Bd3 g6 7. h3 Bg7 8. Be3
a6 9. Nd2 Ne5 10. Bc2 b5 11. f4 Ned7 12. O-O Bb7 13. f5 Nc5 14. Qf3 Qc8 15.
fxg6 hxg6 16. Rae1 Qd7 17. N2b3 Ne6 18. Na5 Rh5 19. Nxb7 Qxb7 20. Nb3 Qc7 21.
Nd4 Nxd4 22. Bxd4 Rc8 23. g4 Rh7 24. g5 Qd7 25. gxf6 Rxh3 26. fxg7 1-0

[Event "Madrid ch 2017-2018 Veteranos"]
[Site "Madrid ESP"]
[Date "2018.01.16"]
[Round "7.18"]
[White "Martinez Miura, Enrique"]
[Black "Ghavami, Mahmoud"]
[Result "1/2-1/2"]
[WhiteElo "1637"]
[BlackElo "1516"]
[PlyCount "100"]
[EventDate "2018.01.08"]
[EventType "swiss"]
[EventRounds "9"]
[EventCountry "ESP"]
[SourceTitle "Ajedrez en Madrid"]
[Source "lmi"]
[SourceDate "2018.01.08"]
[SourceVersion "1"]
[SourceVersionDate "2018.01.25"]
[SourceQuality "1"]

1. e4 e6 2. d4 d5 3. Nc3 Nf6 4. exd5 exd5 5. Be2 Bf5 6. Nf3 h6 7. O-O Be7 8. h3
O-O 9. a3 c6 10. Bf4 Bd6 11. Bxd6 Qxd6 12. Re1 Nbd7 13. Bd3 Bh7 14. Ne5 Rae8
15. Bxh7+ Nxh7 16. Nxd7 Qxd7 17. Qd2 Re6 18. Rxe6 fxe6 19. Re1 Rf6 20. Qe3 Ng5
21. f4 Nf7 22. Nb1 Nd6 23. Nd2 Kf7 24. Kh1 Qc7 25. Qe5 Ne8 26. Qh5+ g6 27. Qxh6
Qxf4 28. Qh7+ Ng7 29. Nf3 Rf5 30. Ne5+ Rxe5 31. dxe5 Qf2 32. Rd1 Kf8 33. Qxg6
Nf5 34. Qf6+ Ke8 35. Qxe6+ Kd8 36. Qf6+ Kc7 37. Qf7+ Kb6 38. Qf6 Kc5 39. Qf8+
Kb6 40. Qf6 Kb5 41. h4 d4 42. h5 Qxc2 43. Re1 Qf2 44. Rc1 d3 45. a4+ Kxa4 46.
Ra1+ Kb5 47. Qd8 Ng3+ 48. Kh2 Nf1+ 49. Kh1 Ng3+ 50. Kh2 Nf1+ 1/2-1/2

[Event "Madrid ch 2017-2018 Veteranos"]
[Site "Madrid ESP"]
[Date "2018.01.16"]
[Round "7.19"]
[White "Sierra Garcia, Ricardo"]
[Black "Rodriguez Bachiller, Luis"]
[Result "0-1"]
[WhiteElo "1343"]
[BlackElo "1634"]
[PlyCount "154"]
[EventDate "2018.01.08"]
[EventType "swiss"]
[EventRounds "9"]
[EventCountry "ESP"]
[SourceTitle "Ajedrez en Madrid"]
[Source "lmi"]
[SourceDate "2018.01.08"]
[SourceVersion "1"]
[SourceVersionDate "2018.01.25"]
[SourceQuality "1"]

1. e4 e5 2. Nf3 Nc6 3. Bb5 Nf6 4. O-O d6 5. Re1 Bd7 6. d3 Be7 7. Be3 O-O 8.
Nbd2 Ng4 9. Nf1 Nxe3 10. Rxe3 f5 11. exf5 Rxf5 12. Ng3 Rf8 13. Bc4+ Kh8 14. c3
Na5 15. Bb3 Nxb3 16. Qxb3 Qc8 17. Ne4 Bc6 18. Nfg5 Bxe4 19. Nxe4 c6 20. Nd2 Bg5
21. Re2 d5 22. Nf3 Rxf3 23. Rxe5 Rf5 24. Rae1 Rxe5 25. Rxe5 Bf6 26. Re2 b6 27.
d4 Qd7 28. Qd1 Re8 29. Kf1 Rxe2 30. Qxe2 Qe7 31. Qa6 Kg8 32. Qc8+ Qd8 33. Qxc6
Kf7 34. Qb7+ Kg6 35. Qxa7 Qd6 36. Qa6 Qxh2 37. Qd3+ Kf7 38. Qf3 Qd6 39. Qh5+
Ke7 40. Qxh7 Qf4 41. Qc2 Bg5 42. Qe2+ Kd6 43. g3 Qf5 44. Qb5 Kc7 45. Kg2 Qe4+
46. Kh3 Bf6 47. Qa6 Qe6+ 48. Kg2 Qc6 49. a4 Qe6 50. Qa7+ Kd8 51. Qb8+ Kd7 52.
Qb7+ Ke8 53. Qb8+ Kf7 54. Qc7+ Kg6 55. Qf4 Kh7 56. g4 g5 57. Qh2+ Kg7 58. Qc7+
Kg6 59. Qg3 Be7 60. Qd3+ Kf7 61. f3 Bd6 62. Qa6 Bf4 63. Qf1 Qh6 64. Qh1 Qxh1+
65. Kxh1 Bc1 66. b3 Bb2 67. c4 dxc4 68. bxc4 Bxd4 69. Kg2 Kf6 70. Kf1 Ke5 71.
Ke2 Kf4 72. Kd3 Bc5 73. Ke2 Kg3 74. Kd3 Kxf3 75. Kd2 Kf4 76. Ke2 Kxg4 77. Kd3
Kf3 0-1

[Event "Madrid ch 2017-2018 Veteranos"]
[Site "Madrid ESP"]
[Date "2018.01.16"]
[Round "7.20"]
[White "Perez Gonzalez, Jesus Miguel"]
[Black "Salgado Duarte, Pablo"]
[Result "1-0"]
[WhiteElo "1626"]
[BlackElo "1522"]
[PlyCount "71"]
[EventDate "2018.01.08"]
[EventType "swiss"]
[EventRounds "9"]
[EventCountry "ESP"]
[SourceTitle "Ajedrez en Madrid"]
[Source "lmi"]
[SourceDate "2018.01.08"]
[SourceVersion "1"]
[SourceVersionDate "2018.01.25"]
[SourceQuality "1"]

1. c4 e5 2. g3 Nf6 3. Bg2 Nc6 4. Nc3 d6 5. d3 Bd7 6. Bg5 Be7 7. Nf3 O-O 8. O-O
a6 9. h3 Rb8 10. a4 Qc8 11. Kh2 h6 12. Bd2 Be6 13. e4 Nh7 14. Nd5 f5 15. b4
Bxd5 16. cxd5 Nd8 17. Qc2 f4 18. Rac1 c6 19. dxc6 bxc6 20. Qc4+ Kh8 21. b5 axb5
22. axb5 c5 23. Ra1 Ng5 24. Nh4 Kh7 25. gxf4 exf4 26. Nf5 Rxf5 27. exf5 Qxf5
28. Be4 Nxe4 29. dxe4 Qg5 30. Rg1 Qh4 31. Qe2 Ne6 32. Rg4 Qf6 33. Rag1 Qe5 34.
f3 Bf8 35. Qd3 Qf6 36. e5+ 1-0

[Event "Madrid ch 2017-2018 Veteranos"]
[Site "Madrid ESP"]
[Date "2018.01.16"]
[Round "7.21"]
[White "Ramos Antona, Enrique"]
[Black "Prieto Gonzalez, Cesar"]
[Result "0-1"]
[WhiteElo "1608"]
[BlackElo "1515"]
[PlyCount "126"]
[EventDate "2018.01.08"]
[EventType "swiss"]
[EventRounds "9"]
[EventCountry "ESP"]
[SourceTitle "Ajedrez en Madrid"]
[Source "lmi"]
[SourceDate "2018.01.08"]
[SourceVersion "1"]
[SourceVersionDate "2018.01.25"]
[SourceQuality "1"]

1. d4 Nf6 2. c4 g6 3. Nc3 Bg7 4. e4 d6 5. Be2 O-O 6. Bg5 Na6 7. Qd2 e5 8. Nf3
exd4 9. Nxd4 Nc5 10. f3 Qd7 11. O-O Ne6 12. Nxe6 Qxe6 13. Nb5 Qd7 14. Rad1 a6
15. Nc3 Qc6 16. Kh1 Be6 17. Nd5 Bxd5 18. cxd5 Qe8 19. Rc1 Qd7 20. Rc2 c6 21.
dxc6 bxc6 22. Bxf6 Bxf6 23. Bc4 c5 24. Bd5 Ra7 25. Rd1 a5 26. b3 Bd4 27. a4 Kg7
28. g4 Qe7 29. Qe1 Qg5 30. Rg2 Be5 31. h4 Qf4 32. Qd2 Qxf3 33. Qd3 Qxd3 34.
Rxd3 h6 35. Rf3 Re7 36. g5 hxg5 37. hxg5 Rh8+ 38. Kg1 Rh5 39. Kf1 Rh1+ 40. Ke2
Rh8 41. Rgf2 Rf8 42. Kd3 f6 43. gxf6+ Rxf6 44. Kc4 Rxf3 45. Rxf3 Kh6 46. Kb5 g5
47. Rh3+ Kg6 48. Kxa5 g4 49. Rh1 g3 50. Rg1 Rh7 51. Kb6 Rh2 52. a5 c4 53. Bxc4
Bd4+ 54. Kb7 Bxg1 55. Bd5 Rh7+ 56. Kc6 Bc5 57. e5 Bb4 58. Be4+ Kg7 59. exd6 Rh6
60. a6 Rxd6+ 61. Kb7 Rd7+ 62. Kc8 Re7 63. Bb7 Bc5 0-1

[Event "Madrid ch 2017-2018 Veteranos"]
[Site "Madrid ESP"]
[Date "2018.01.16"]
[Round "7.22"]
[White "Fernandez Aransay, Fernando"]
[Black "Martinez Carrasco, Jesus"]
[Result "0-1"]
[WhiteElo "1825"]
[BlackElo "1568"]
[PlyCount "54"]
[EventDate "2018.01.08"]
[EventType "swiss"]
[EventRounds "9"]
[EventCountry "ESP"]
[SourceTitle "Ajedrez en Madrid"]
[Source "lmi"]
[SourceDate "2018.01.08"]
[SourceVersion "1"]
[SourceVersionDate "2018.01.25"]
[SourceQuality "1"]

1. e4 c5 2. Nf3 d6 3. d4 cxd4 4. Nxd4 Nf6 5. Nc3 a6 6. Bc4 Nc6 7. Bb3 e6 8. Be3
Qc7 9. f4 b5 10. O-O b4 11. e5 dxe5 12. fxe5 Nxe5 13. Na4 Bd6 14. Rxf6 gxf6 15.
Qh5 Bd7 16. Re1 Ke7 17. Nb6 Rag8 18. Nf5+ Kd8 19. Nxd6 Qxd6 20. Rd1 Qc6 21. Qe2
Qb5 22. Rxd7+ Nxd7 23. Bc4 Qc6 24. Qd2 Kc7 25. Nxd7 Rd8 26. Qxb4 Kxd7 27. Bxa6
Qxa6 0-1

[Event "Madrid ch 2017-2018 Veteranos"]
[Site "Madrid ESP"]
[Date "2018.01.16"]
[Round "7.23"]
[White "Peña Marina, Jose Maria"]
[Black "Infante Martin, Alonso"]
[Result "1-0"]
[WhiteElo "1705"]
[BlackElo "1345"]
[PlyCount "105"]
[EventDate "2018.01.08"]
[EventType "swiss"]
[EventRounds "9"]
[EventCountry "ESP"]
[SourceTitle "Ajedrez en Madrid"]
[Source "lmi"]
[SourceDate "2018.01.08"]
[SourceVersion "1"]
[SourceVersionDate "2018.01.25"]
[SourceQuality "1"]

1. c4 e6 2. Nc3 Nf6 3. Nf3 c6 4. d4 d5 5. cxd5 exd5 6. Bf4 Nbd7 7. e3 Be7 8.
Bd3 Nh5 9. Bg3 Nxg3 10. hxg3 Nf6 11. Qc2 g6 12. Rc1 Bd6 13. O-O Qc7 14. Nb5 Qe7
15. Nxd6+ Qxd6 16. Rfe1 O-O 17. e4 dxe4 18. Bxe4 Nxe4 19. Qxe4 Bd7 20. Qh4 Kg7
21. Qe7 Qc7 22. Ne5 Rae8 23. Qxd7 Qb8 24. Qg4 Qd8 25. Nf3 f6 26. Rxe8 Rxe8 27.
Re1 Rxe1+ 28. Nxe1 Qe8 29. Qd1 b6 30. Nf3 Qd7 31. Qe2 b5 32. Qe3 a5 33. b3 h6
34. Ne1 h5 35. Nd3 g5 36. Nc5 Qf7 37. Qe6 a4 38. Qxf7+ Kxf7 39. Kf1 Ke7 40. Ke2
Kd6 41. b4 f5 42. Kd3 a3 43. f3 Ke7 44. Nb3 Kd6 45. Na1 g4 46. f4 Kd5 47. Nc2
Kd6 48. Nxa3 Kd5 49. Nc2 Kd6 50. Ne3 Ke6 51. Kc3 Kf6 52. Kb3 Ke6 53. a4 1-0

[Event "Madrid ch 2017-2018 Veteranos"]
[Site "Madrid ESP"]
[Date "2018.01.16"]
[Round "7.25"]
[White "Perales Hernandez, Manuel"]
[Black "Bellagamba, Pascal"]
[Result "0-1"]
[WhiteElo "1302"]
[BlackElo "1596"]
[PlyCount "62"]
[EventDate "2018.01.08"]
[EventType "swiss"]
[EventRounds "9"]
[EventCountry "ESP"]
[SourceTitle "Ajedrez en Madrid"]
[Source "lmi"]
[SourceDate "2018.01.08"]
[SourceVersion "1"]
[SourceVersionDate "2018.01.25"]
[SourceQuality "1"]

1. e4 d6 2. Bc4 Nf6 3. Nc3 e5 4. h3 c6 5. Qf3 Be7 6. d3 O-O 7. Nge2 Be6 8. Bxe6
fxe6 9. Bd2 d5 10. Qg3 d4 11. Nd1 Nbd7 12. Bh6 Rf7 13. Bd2 Qb6 14. a3 Raf8 15.
f4 Bd6 16. Qh2 Nh5 17. g3 exf4 18. gxf4 Nxf4 19. b4 Nxd3+ 20. cxd3 Bxh2 21. Nb2
Ne5 22. O-O-O Nf3 23. Nc4 Qa6 24. Kb2 Bc7 25. e5 b5 26. Nd6 Bxd6 27. exd6 Qb6
28. Ng3 Ne5 29. Bg5 Rf2+ 30. Kb3 a5 31. Rhe1 a4# 0-1